000 00413nam a2200145 i 4500
001 63648
003 ES-MaACL
007 t|
008 031215m19131914fr ||||1| fre d
100 1 _aFeyel, Paul.
_950654
245 1 0 _aHistoire politique du dix-neuvième siècle /
_cPaul Feyel.
260 _aParis :
_b[s.n.],
_c1913-14 (
_fMaison Blond et Cie.)
300 _a2 v. ;
_c20 cm.
852 _aES-MaACL
_jB-3271-3272
999 _c63648
_d63648